Electoral incentives and negotiated settlements: Legislative deliberation on the Mindanao conflict in the Philippines (Record no. 529965)

000 -LEADER
fixed length control field 01710nam a22001457a 4500
008 - FIXED-LENGTH DATA ELEMENTS--GENERAL INFORMATION
fixed length control field 250516b ||||| |||| 00| 0 eng d
100 ## - MAIN ENTRY--PERSONAL NAME
Personal name Watanabe, Aya
245 ## - TITLE STATEMENT
Title Electoral incentives and negotiated settlements: Legislative deliberation on the Mindanao conflict in the Philippines
260 ## - PUBLICATION, DISTRIBUTION, ETC. (IMPRINT)
Place of publication, distribution, etc The Developing Economics
300 ## - PHYSICAL DESCRIPTION
Extent 63(1), Mar,2025: p.47-69
520 ## - SUMMARY, ETC.
Summary, etc Some conflict-experiencing countries undergo both violent and electoral competitions. In other words, electoral competition evolves while nonstate actors struggle to realize their political and cultural demands by arms. Although increasing attention has been paid to the interplay between domestic political dynamics and violent conflict, we still know little about how the electoral calculations of legislators shape their response to negotiated settlement, possibly influencing conflict processes. By examining the congressional records of the House of Representatives in the Philippines, this study conducts quantitative text analyses to assess the impacts of electoral incentives—shaped by executive popularity, district ethnic composition, and the occurrence of conflict-related violence—on legislators' response to negotiated settlement. The results demonstrate that legislators are sensitive to constituents' views on conflict settlement by showing support or opposition to negotiated settlement, anticipating their electoral fortunes in the next election.- Reproduced

https://onlinelibrary.wiley.com/doi/10.1111/deve.12427
650 ## - SUBJECT ADDED ENTRY--TOPICAL TERM
Topical term or geographic name as entry element Latent semantic scaling, Legislative debates, Mindanao Conflict, Philippine politics, Text analysis.
9 (RLIN) 53211
773 ## - HOST ITEM ENTRY
Main entry heading The Developing Economics
942 ## - ADDED ENTRY ELEMENTS (KOHA)
Item type Articles
Holdings
Withdrawn status Lost status Source of classification or shelving scheme Damaged status Not for loan Permanent location Current location Date acquired Serial Enumeration / chronology Barcode Date last seen Koha item type
          Indian Institute of Public Administration Indian Institute of Public Administration 2025-05-16 63(1), Mar,2025: p.47-69 AR135788 2025-05-16 Articles

Powered by Koha